00257nam a2200109Ia 4500008004100000100001600041245004200057250000900099260002300108300000800131650000800139191201s2009 xx 000 0 und d aJERKE, Noel 0aVisual Basic 6 The Complete Reference aRep. aN.DelhibTMHc2009 a788 aMCA